000 00263nam a22001097a 4500
003 OSt
008 241219b |||||||| |||| 00| 0 eng d
041 _aeng
245 _aPraadhamika Krishi Thathwangal
260 _aTrivandrum:
_bKerala Bhasha Institute
942 _cBK
999 _c18702
_d18702